000 00510nam a2200181Ia 4500
008 100920s9999 xx 000 0 und d
082 _b20036
_a700 थ 68
100 _aपारगावकर वि. शं.
245 _aगृहसजावट.
260 _bपानसे प्रभा.
_c1968
300 _a77
_bसाधी
365 _b2.5
520 _aकला.
630 _aगृहसजावट.
650 _aकला.
730 _aगृहसजावट.
942 _cBOOK
999 _c680775
_d680772